| 000 | 00000nas 2200000za 4500 |
| 001 | 9.506073 |
| 003 | CaOODSP |
| 005 | 20241008101438 |
| 007 | cr ||||||||||| |
| 008 | 150406c20109999oncar pso||||f0 a0eng|d |
| 022 | |a1926-5832 |
| 040 | |aCaOODSP|beng |
| 043 | |an-cn--- |
| 086 | 1 |aLo2-1/2E-PDF |
| 110 | 2 |aOffice of the Commissioner of Lobbying of Canada. |
| 222 | 0|aPrivacy Act |
| 245 | 10|aPrivacy Act |h[electronic resource] : |bannual report / |cOffice of the Commissioner of Lobbying of Canada. |
| 246 | 20|aAnnual report |
| 260 | |aOttawa : |bOffice of the Commissioner of Lobbying of Canada, |c2010- |
| 310 | |aAnnual |
| 362 | 1 |aBegan with 2009/2010. |
| 500 | |aIssued also in French under title: Commissariat au lobbying du Canada - Loi sur la protection des renseignements personnels, rapport annuel. |
| 690 | 07|aLobbying|2gcpds |
| 690 | 07|aPrivacy|2gcpds |
| 775 | 08|tLoi sur la protection des renseignements personnels |w(CaOODSP)9.502475 |